00478nam a2200193Ia 4500003000900000008004100009040001300050040001300063041000800076100002600084245009600110250001200206260000800218260000900226300001100235300001200246490001800258490000800276IT-RoPAU120407s9999 xx 000 0 und d aIT-RoPAU cIT-RoPAU aita aIgnace de La Potterie aIl Mistero del cuore trafitto. Fondamenti biblici della spiritualità€ del Cuore di Gesù€. aBologna aEDB c1988 a183 p. c21,5 cm aStudi biblici v115